A Step Ahead: Competition Policy for Shared Prosperity and Inclusive Growth

Ebook from OECD

Tallennettuna:
Bibliografiset tiedot
Muut tekijät: The World Bank
Aineistotyyppi: Kirja
Kieli:Undetermined
Julkaistu: The World Bank 2017
Aiheet:
Linkit:http://lrc.tdmu.edu.vn/opac/search/detail.asp?aID=2&ID=40143
Tagit: Lisää tagi
Ei tageja, Lisää ensimmäinen tagi!
Thư viện lưu trữ: Trung tâm Học liệu Trường Đại học Thủ Dầu Một
LEADER 00637nam a2200181Ia 4500
001 TDMU_40143
008 210410s9999 xx 000 0 und d
082 |a 370 
245 2 |a A Step Ahead: Competition Policy for Shared Prosperity and Inclusive Growth 
245 4 |c The World Bank 
260 |b The World Bank 
260 |c 2017 
300 |a 245tr 
520 |a Ebook from OECD 
650 |a Economic  |x Competition Policy; Kinh tế  |x Chính sách cạnh tranh 
700 |a The World Bank 
856 |u http://lrc.tdmu.edu.vn/opac/search/detail.asp?aID=2&ID=40143 
980 |a Trung tâm Học liệu Trường Đại học Thủ Dầu Một